Śrī Aruṇakirināta Cuvāmikaḷ aruḷicceyta Tiruppukal̲. (Record no. 88349)

MARC details
000 -LEADER
fixed length control field 00759cam a22002531 4500
001 - CONTROL NUMBER
control field sa 68018358
003 - CONTROL NUMBER IDENTIFIER
control field DLC
005 - DATE AND TIME OF LATEST TRANSACTION
control field 20260227112710.0
008 - FIXED-LENGTH DATA ELEMENTS--GENERAL INFORMATION
fixed length control field 890919r1966uuuuii af 000 0 tamo
010 ## - LIBRARY OF CONGRESS CONTROL NUMBER
LC control number sa 68018358
035 ## - SYSTEM CONTROL NUMBER
System control number (OCoLC)20366156
040 ## - CATALOGING SOURCE
Original cataloging agency DLC
Transcribing agency WaU
Modifying agency DLC
042 ## - AUTHENTICATION CODE
Authentication code premarc
050 00 - LIBRARY OF CONGRESS CALL NUMBER
Classification number BL1226.3
Item number .A72
100 0# - MAIN ENTRY--PERSONAL NAME
Personal name Aruṇagirinātha,
Dates associated with a name active 15th century.
245 10 - TITLE STATEMENT
Title Śrī Aruṇakirināta Cuvāmikaḷ aruḷicceyta Tiruppukal̲.
260 ## - PUBLICATION, DISTRIBUTION, ETC.
Date of publication, distribution, etc. 1966-
300 ## - PHYSICAL DESCRIPTION
Extent v.
Other physical details illus., plates (part col.)
Dimensions 22 cm.
500 ## - GENERAL NOTE
General note In Tamil.
500 ## - GENERAL NOTE
General note Previously published serially in Tippukal̲amirtam.
650 #0 - SUBJECT ADDED ENTRY--TOPICAL TERM
Topical term or geographic name entry element Hindu hymns, Tamil.
650 #0 - SUBJECT ADDED ENTRY--TOPICAL TERM
Topical term or geographic name entry element Murugan (Hindu deity)
700 1# - ADDED ENTRY--PERSONAL NAME
Personal name Kirupān̲antavāriyār, Tirumuruka.

No items available.

Powered by Koha